El Mundo según Al Qaeda : (Record no. 26633)
[ view plain ]
| 000 -LEADER | |
|---|---|
| campo de control de longitud fija | 02213cam a2200361 i 4500 |
| 003 - IDENTIFICADOR DE NÚMERO DE CONTROL | |
| campo de control | BJBSDDR |
| 005 - FECHA Y HORA DE LA ÚLTIMA TRANSACCIÓN | |
| campo de control | 20230410103828.0 |
| 007 - CAMPO FIJO DE DESCRIPCIÓN FÍSICA--INFORMACIÓN GENERAL | |
| campo de control de longitud fija | ta |
| 008 - DATOS DE LONGITUD FIJA--INFORMACIÓN GENERAL | |
| campo de control de longitud fija | 140303s2006 sp a 000 0 spa |
| 020 ## - NÚMERO INTERNACIONAL ESTÁNDAR DEL LIBRO | |
| Número Internacional Estándar del Libro | 8478843361 |
| 020 ## - NÚMERO INTERNACIONAL ESTÁNDAR DEL LIBRO | |
| Número Internacional Estándar del Libro | 9788478843367 |
| 040 ## - FUENTE DE CATALOGACIÓN | |
| Lengua de catalogación | spa |
| Centro/agencia transcriptor | BJBSDDR |
| 041 ## - CÓDIGO DE IDIOMA | |
| Código de lengua del texto/banda sonora o título independiente | spa |
| 050 14 - SIGNATURA TOPOGRÁFICA DE LA BIBLIOTECA DEL CONGRESO | |
| Número de clasificación | HV 6433 |
| Número de ítem | B525m 2006 |
| 100 1# - ENTRADA PRINCIPAL--NOMBRE DE PERSONA | |
| Nombre de persona | Berner, Brad K., |
| Fechas asociadas al nombre | 1952- |
| 240 10 - TÍTULO UNIFORME | |
| Título uniforme | World according to Al Qaeda. |
| Lenguaje de la obra | Español |
| 245 03 - MENCIÓN DEL TÍTULO | |
| Título | El Mundo según Al Qaeda : |
| Resto del título | Textos sin comentarios / |
| Mención de responsabilidad, etc. | Brad K. Berner ; [traductor, Carlos Miguel Martínez Ortiz]. |
| 260 ## - PUBLICACIÓN, DISTRIBUCIÓN, ETC. | |
| Lugar de publicación, distribución, etc. | Madrid : |
| Nombre del editor, distribuidor, etc. | Editorial Popular, |
| Fecha de publicación, distribución, etc. | 2006 |
| 300 ## - DESCRIPCIÓN FÍSICA | |
| Extensión | 270 p. ; |
| Dimensiones | 21 cm. |
| 490 1# - MENCIÓN DE SERIE | |
| Mención de serie | O a la izquierda ; |
| Designación de volumen o secuencia | 25 |
| 500 ## - NOTA GENERAL | |
| Nota general | Incluye glosario de terminos y cronología de eventos. |
| 504 ## - NOTA DE BIBLIOGRAFÍA, ETC. | |
| Nota de bibliografía, etc. | Incluye bibliografía e índice. |
| 520 ## - RESUMEN, ETC. | |
| Sumario, etc. | Fundada a finales de la década de 1980, Al Qaeda, bajo la dirección de Osama Bin Laden, ha simbolizado para muchos el terrorismo contemporáneo. Sin embargo, para una significativa minoría fundamentalista islámica, representa una fuerza que resiste la usurpación de Occidente y los regímenes apóstatas que gobiernan los países musulmanes. La Al Qaeda de la décadade 1990 dejó de existir. A pesar de sufrir serios reveses con la pérdida de sus campos de entrenamiento en Afganistán y la captura o muerte de algunos de sus cuadros y líderes, Al Qaeda permanece como una organización más descentralizada y cree haber tenido éxito en su autoproclamado rol de "detonador" con el arribo de individuos y organizaciones con ideas afines que están acometiendo una violenta Jihad en todo el mundo. La proclama de su ideología se comprende mejor en las propias palabras de Al Qaeda y en las palabras de las organizaciones afiliadas y sus defensores. Por esta razón, se ha configurado esta compilación. -- Contraportada |
| 600 14 - PUNTO DE ACCESO ADICIONAL DE MATERIA--NOMBRE DE PERSONA | |
| Nombre de persona | Bin Laden, Osama, |
| Fechas asociadas al nombre | 1957-2011. |
| 610 24 - PUNTO DE ACCESO ADICIONAL DE MATERIA--NOMBRE DE ENTIDAD CORPORATIVA | |
| Nombre de entidad corporativa o nombre de jurisdicción como elemento de entrada | Al Qaeda (Organización) |
| 650 #4 - PUNTO DE ACCESO ADICIONAL DE MATERIA--TÉRMINO DE MATERIA | |
| Término de materia o nombre geográfico como elemento de entrada | Bin Laden, Osama, 1957-2011 |
| Subdivisión general | Citas máximas etc. |
| 650 #4 - PUNTO DE ACCESO ADICIONAL DE MATERIA--TÉRMINO DE MATERIA | |
| Término de materia o nombre geográfico como elemento de entrada | Fundamentalismo islámico |
| 9 (RLIN) | 4640 |
| 650 #4 - PUNTO DE ACCESO ADICIONAL DE MATERIA--TÉRMINO DE MATERIA | |
| Término de materia o nombre geográfico como elemento de entrada | Terrorismo |
| 9 (RLIN) | 3683 |
| 700 1# - ENTRADA AGREGADA--NOMBRE PERSONAL | |
| 9 (RLIN) | 5736 |
| Nombre de persona | Martínez Ortiz, Carlos Miguel |
| Término indicativo de función/relación | traductor |
| 830 ## - PUNTO DE ACCESO ADICIONAL DE SERIE-TÍTULO UNIFORME | |
| Título uniforme | 0 a la izquierda |
| 9 (RLIN) | 5735 |
| 942 ## - ELEMENTOS DE ENTRADA SECUNDARIOS (KOHA) | |
| Fuente del sistema de clasificación o colocación | Clasificación de Library of Congress |
| Tipo de ítem Koha | Libro |
| 946 ## - PROCESAMIENTO DE INFORMACIÓN LOCAL (OCLC) | |
| a | rsfv |
| Estatus retirado | Estado de pérdida | Estado de daño | No para préstamo | Colección | Biblioteca de origen | Biblioteca actual | Ubicación en estantería | Fecha de adquisición | Signatura topográfica completa | Código de barras | Visto por última vez | Copia número | Tipo de ítem Koha |
|---|---|---|---|---|---|---|---|---|---|---|---|---|---|
| Ciencias Sociales | Biblioteca Juan Bosch | Biblioteca Juan Bosch | Ciencias Sociales (3er. Piso) | 10/04/2023 | HV 6433 B525m 2006 | 00000107797 | 23/10/2018 | 1 | Libro |
